Регионална библиотека "Любен Каравелов" - Русе

Панаир на музейните изложби (Запис номер 511920)

MARC детайли
000 -Лидер
Лидер 00877nam a2200265 a 4500
003 - Код на организацията, давaща контролен номер
Код на организацията, даваща контролен номер BLK
005 - Дата и час на последна редакция
Дата и час на последна редакция 20240612130242.0
007 - Фиксирано поле за физическо описани
Физическо описание ta
008 - Елементи от данни с фиксирана дължина
Елементи с фиксирана дължина 221104b bu |||||r|||| 00| | bu d
040 ## - Източник на каталожния запис
Код на библиотеката BLK
041 ## - Код за език
Език Български
-- Английски
Език за КДБФ Български
080 ## - УДК
9 (RLIN) 235853
УДК текст Организации. Съюзи. Научни институции. Музеи. Изложби
УДК код 06
УДК – код + определител 06
084 ## - Класификационен индекс по друга класификация
Авторски знак Пан - П 17
245 ## - Сведения за заглавието
Заглавие Панаир на музейните изложби
246 ## - Различни форми на заглавието
Различни форми на заглавието Museum exhibition fair
260 ## - Област на издателските данни
9 (RLIN) 471116
Място на издаване Русе
Име на издателя Регионален ист. музей - Русе
Година на издаване 2022
300 ## - Физическа характеристика
Брой страници 146 с.
Размер 15 см
380 ## - Жанр
Жанр Общ отдел
650 #7 - Допълнително описание по предмет – тема
9 (RLIN) 162799
Предметна рубрика Музеи
650 #0 - Допълнително описание по предмет – тема
9 (RLIN) 294995
Предметна рубрика Изложби - България
852 ## - Местоположение
Отдел Краезнание
Систематично-азбучна сигнатура 0/П 17
856 ## - Електронен адрес и достъп
Инструкция (цена за достъп) 0.00
Права за достъп disable
942 ## - АРТИКУЛИ
Вид на библиотечния документ Книги
Скрит в OPAC Не
944 ## - СЪЗДАВАНЕ И РЕДАКЦИЯ на ЗАПИСА
Създаване/Редакция
Дата на регистрацията/редакция Моника Янева
Служител, извършил регистрацията/редакцията 30570
Номер на служител Моника Янева
999 ## - СИСТЕМНИ КОНТРОЛНИ НОМЕРА
Koha biblionumber 511920
Koha biblioitemnumber 511920
Наличности
Код за отписване Код за изгубен артикул Източник на класификационната схема Код за повреда Коз за рестрикции Код за отдаване Артикулен № Име на библиотеката - собственик Име на библиотеката, в която се намира в момента Статус (Текущо местоположение) Дата на вписване в системата Местоположение - отдел Цена в лева Инвентарен номер Систематично азбучна сигнатура Баркод Цена в евро Служебен тип на артикула
  Не е изгубен Universal Decimal Classification Не е повреден само за читалня ползва се в читалня 944258 Регионална библиотека "Любен Каравелов" Русе Регионална библиотека "Любен Каравелов" Русе Краезнание 2024-06-13 Краезнание 5.00 120000909398 К 0/П 17 120000909398 2.56 Книги
Vip Innovations Ltd, Rousse, Bulgaria 2025